000 00649nam a2200241Ia 4500
003 OSt
005 20221007064740.0
006 a|||||r|||| 00| 0
007 ta
008 221006b |||||||| |||| 00| 0 eng d
024 _a6,181
037 _cTextual
040 _aFLL
_cFLL
_beng
041 _2eng
_aeng
082 _aY:45:6.2.N8, M5
100 _aBhattacharyya S.K. Au.
_9686222
245 0 _aSocial defence
260 _aDelhi
_bManas Pub. India
_c1985
300 _aviii,198p
_ccm.
650 _aSocial defence
_9686223
942 _hY:45:6.2.N8, M5
_cTEXL
_2CC
999 _c1135230
_d1135230